<?xml version="1.0" encoding="UTF-8"?>
<record
    xmlns:xsi="http://www.w3.org/2001/XMLSchema-instance"
    xsi:schemaLocation="http://www.loc.gov/MARC21/slim http://www.loc.gov/standards/marcxml/schema/MARC21slim.xsd"
    xmlns="http://www.loc.gov/MARC21/slim">

  <leader>00932nam a2200193 i 4500</leader>
  <controlfield tag="001">22055</controlfield>
  <controlfield tag="003">ES-MaACL</controlfield>
  <controlfield tag="005">20260303063010.0</controlfield>
  <controlfield tag="007">t|</controlfield>
  <controlfield tag="008">021129s1847    fr           ||||1| ita d</controlfield>
  <datafield tag="100" ind1="1" ind2=" ">
    <subfield code="a">Alfieri, Vittorio, </subfield>
    <subfield code="d">1749-1803</subfield>
    <subfield code="9">19840</subfield>
  </datafield>
  <datafield tag="245" ind1="1" ind2="0">
    <subfield code="a">Opere scelte / </subfield>
    <subfield code="c">di Vittorio Alfieri ; publicato percura di Giuseppe Zirardini.</subfield>
  </datafield>
  <datafield tag="260" ind1=" " ind2=" ">
    <subfield code="a">Parigi : </subfield>
    <subfield code="b">[s.n., </subfield>
    <subfield code="c">1847] (</subfield>
    <subfield code="f">Imp. Crapelet)</subfield>
  </datafield>
  <datafield tag="300" ind1=" " ind2=" ">
    <subfield code="a">VII, 730 p., 1 l&#xE1;m. ; </subfield>
    <subfield code="c">22 cm.</subfield>
  </datafield>
  <datafield tag="505" ind1="8" ind2=" ">
    <subfield code="a">Contiene: Vita di Vittorio Alfieri, sevitta da en lettera di Ramieri di "Casalbig" all autore sulle quattro sue prince tragedie. Risposta dell autore. Parere dell autore sull arte comica in Italia. Tragedie. Il divorzio, comedia. Satire. Sonetti vari. L'America libera, odi. Dell principe e delle littere, libritre. Paneg&#xED;rico de Plinio a Traiano.</subfield>
  </datafield>
  <datafield tag="700" ind1="1" ind2=" ">
    <subfield code="a">Zirardini, Giuseppe.</subfield>
    <subfield code="9">118299</subfield>
  </datafield>
  <datafield tag="852" ind1=" " ind2=" ">
    <subfield code="a">ES-MaACL</subfield>
    <subfield code="j">G-12563</subfield>
  </datafield>
  <datafield tag="999" ind1=" " ind2=" ">
    <subfield code="c">22055</subfield>
    <subfield code="d">22055</subfield>
  </datafield>
  <datafield tag="952" ind1=" " ind2=" ">
    <subfield code="0">0</subfield>
    <subfield code="1">0</subfield>
    <subfield code="4">0</subfield>
    <subfield code="7">0</subfield>
    <subfield code="8">LIBXIX</subfield>
    <subfield code="a">ATENEOM</subfield>
    <subfield code="b">ATENEOM</subfield>
    <subfield code="c">SPP3</subfield>
    <subfield code="d">2008-01-17</subfield>
    <subfield code="e">SC</subfield>
    <subfield code="l">0</subfield>
    <subfield code="o">G-12563</subfield>
    <subfield code="p">1022668</subfield>
    <subfield code="r">2023-02-23 00:00:00</subfield>
    <subfield code="w">2023-02-23</subfield>
    <subfield code="y">MONANT</subfield>
  </datafield>
</record>
